000 03249cam a22004574i 4500
003 PE-LiUPU
005 20250731165416.0
008 151202s2013 pe grm 000 0 spa d
035 _a(Sirsi) a155385
040 _aPE-LiUPU
_bspa
_cPE-LiUPU
_erda
099 _aSP 3
_bQ73 2013
100 1 _aRamos Flores, Nitzy
_eautor
245 1 _aEfectividad del programa "Lávate la manos con agua y con jabón" conocimiento y práctica del lavado de manos de las madres de los niños menores de cinco años, en Miguel Graú-Lima, 2005 /
_cNitzy Ramos Flores.
264 0 _c2013.
300 _a91 hojas
_c30 cm
336 _atext
_2rdacontent
337 _aunmediated
_2rdamedia
338 _avolume
_2rdacarrier
502 _aTesis
_b(Mg.) --
_cUniversidad Peruana Unión,
_d2013.
504 _aIncluye referencias
520 3 _aEducar a las madres en el conocimiento de los momentos críticos de lavado de manos y la práctica de técnica correcta, tiene un rol crucial dentro de las estrategias orientadas a disminuir la prevalencia de las enfermedades diarreicas agudas. En este programa, denominado: "Lávate las manos con agua y con jabón", realizado en la localidad de Miguel Grau, distrito de Chaclacayo, tuvo como objetivo general determinar la efectividad del programa. El mismo que fue comprobado con el cumplimiento de las metas: incrementar el conocimiento de los momentos críticos del lavado de manos, al menos a un 70 por ciento, e incrementar la práctica del lavado de manos, al menos a un 60 por ciento. Para esto, el programa tuvo estrategias de un convenio público privado entre el MINSA y la Escuela de Postgrado Salud Pública de la UPeU y también se reclutaron agentes comunitarios de salud, que son personas integrantes de la comunidad. El diseño del estudio fue descriptivo, de tipo pre-experimental con diseños de pre-test y post-test y longitudinal. La prueba estadística que se usó fue la prueba de proporciones relacionadas de Mc Neman, porque mide dos variables dicotómicas (éxito-fracaso), en dos momentos temporales diferentes y resulta útil para medir el cambio. La población fueron, hogares con niños menores de 5 años, y la muestra fue de 165 unidades de análisis. El muestreo fue aleatorio, por conglomerados. El programa influyó a que la población objetivo incrementara su conocimiento de los momentos críticos del lavado de manos de un 36 por ciento a un 68 por ciento. Igualmente, el referido programa, incluyó para que se incremente la práctica adecuada del lavado de manos de un 50 por ciento a un 72 por ciento. El programa fue efectivo ya que se logró el cumplimiento de las metas y objetivos propuestos.
526 _aSEG44
526 _aSEG26
526 _aP151
526 _aP150
526 _aP149
526 _aP146
526 _aP145
526 _aP126
526 _aP125
526 _aP92
526 _aP75
526 _aP74
526 _aP27
526 _aP15
650 0 4 _aMadres
_xSalud e higiene.
650 0 4 _aDiarrea infantil
_xPrevención.
596 _a1
942 _2ddc
_cTESIS
999 _aSP 3 R21 2005
_wALPHANUM
_c8068
_iT00454
_lCCODEBUL3
_mBUL
_r1
_sY
_tTESIS
_u2015-12-2
_xPOSGRADO
_PP82
_o.STAFF. Tesis
_d8068
980 _81
_gALBERTO SANCHEZ Responsable de Automatización